000 01124nam a2200301 a 4500
001 1556618
003 CO-ViMGA
005 20230915233610.0
008 180825s2017 ck a gr 0001f spa d
020 _a9789583054181
040 _aCO-ViMGA
_bspa
_cCO-ViMGA
043 _ae-uk-en
082 0 4 _a823.8
_bB15c2
_219
100 1 _aBallantyne, Robert Michael,
_d1825-1894.
_9367
245 1 3 _aLa isla del coral =
_bThe coral island /
_cR. M. Ballantyne ; traducción Gabriela Garcia de la Torre.
250 _aEdicion Margarita Montenegro Villalba.
260 _aBogota :
_bPanamericana Editorial,
_c2017.
300 _a64 paginas :
_bilustraciones ;
_c22 cm.
490 0 _aClassics english-spanish. Clasicos ingles-español
546 _aTexto bilingue en español e ingles.
650 1 4 _aHistorias de aventuras.
_9136
650 1 4 _aJuventud
_v Novela juvenil.
_9370
650 1 4 _aNovela juvenil inglesa.
_9368
650 1 4 _aViajes
_v Novela juvenil.
_9369
700 1 _aGarcia de la Torre, Gabriela,
_d1970-,
_etraductora.
_9371
700 1 _aMontenegro Villalba, Margarita,
_eeditora.
_9131
942 _2ddc
_cBK
999 _c37215
_d37215